000 00284nam a22001457a 4500
020 _a818858276-X
082 _a894.812
_bOSH/S
100 _aOSHO
245 _aSTHREE
260 _aTHRISSUR
_bGREEN BOOKS
_c2005
300 _a168
520 _aNOVEL
650 _aNOVEL
942 _cBK
999 _c5119
_d5119